| 000 | 00679nam a2200229Ia 4500 | ||
|---|---|---|---|
| 003 | OSt | ||
| 005 | 20220925203006.0 | ||
| 006 | a|||||r|||| 00| 0 | ||
| 007 | ta | ||
| 008 | 220923b |||||||| |||| 00| 0 eng d | ||
| 037 | _cGeneral Book | ||
| 040 |
_aRTL _cRTL _beng |
||
| 041 |
_2eng _aeng |
||
| 082 | _aT4.281,e4,d,(X).N73<--N72, L2 | ||
| 110 | _aUniversity of Delhi | ||
| 245 | 0 | _aBudget estimates 1972-73 and revised estimates 1972-73 | |
| 260 |
_aDelhi _bUniversity of Delhi India _c1972 |
||
| 300 |
_axxv;358p _ccm. |
||
| 700 | _aUniversity of Delhi | ||
| 942 |
_hT4.281,e4,d,(X).N73<--N72, L2 _cGB _2CC |
||
| 999 |
_c544888 _d544888 |
||